Tesoros de Cornelio A Lápide extracto en forma de diccionario sobre la Sagrada Escritura, por el Abate Barbier
Guardat en:
| Format: | Llibre |
|---|---|
| Idioma: | espanyol |
| Publicat: |
Madrid
Librería Católica de Gregorio del Amo
1909
|
| Edició: | 3a. ed |
| Matèries: | |
| Etiquetes: |
Afegir etiqueta
Sense etiquetes, Sigues el primer a etiquetar aquest registre!
|
MARC
| LEADER | 00000cam a2200000 a 4500 | ||
|---|---|---|---|
| 001 | UCD1609 | ||
| 003 | CL-VaPUC | ||
| 008 | 160316e19090000sp |||||||||||||||||spa|d | ||
| 082 | 0 | 4 | |a 248.34 |b TES |2 21 |
| 245 | 1 | 0 | |a Tesoros de Cornelio A Lápide extracto en forma de diccionario sobre la Sagrada Escritura, por el Abate Barbier |
| 250 | |a 3a. ed | ||
| 300 | |a t | ||
| 942 | |c BK | ||
| 945 | |d 20160316 17:23:00 |a dcastane | ||
| 260 | |a Madrid |b Librería Católica de Gregorio del Amo |c 1909 | ||
| 500 | |a t.1: ABU-DISC | ||
| 500 | |a t.2: DOM-INTENT | ||
| 650 | 0 | |a Espiritualidad |9 267331 | |
| 650 | 0 | |a Vida religiosa |9 257284 | |
| 650 | 0 | |a Biblia |9 257603 | |
| 583 | |a last modification |c 20160316 17:23:00 |k Rodrigo Vera | ||
| 999 | |c 362880 |d 362878 | ||
| 952 | |0 0 |1 0 |3 erd |4 0 |6 248_340000000000000_TES_1909 |7 0 |8 P |9 474452 |a BIBTEO |b BIBTES |c TEO_FTES |h t.1 |i 5277035 |o 248.34 TES 1909 |p 5277035 |r 2024-01-18 |w 2019-11-24 |y BK |z Catalogado en:20160316 |k ICR | ||
| 952 | |0 0 |1 0 |3 erd |4 0 |6 248_340000000000000_TES_1909 |7 0 |8 P |9 474453 |a BIBTEO |b BIBTES |c TEO_FTES |h t.2 |i 5277043 |o 248.34 TES 1909 |p 5277043 |r 2024-01-18 |w 2019-11-24 |y BK |z Catalogado en:20160316 |k ICR | ||